Tìm hiểu vận tải ôtô /

שמור ב:
מידע ביבליוגרפי
מחבר ראשי: Nguyễn Kim Lân
פורמט: ספר
שפה:Vietnamese
יצא לאור: H. : Khoa học và kỹ thuật , 1978
מהדורה:In lần thứ 1
נושאים:
תגים: הוספת תג
אין תגיות, היה/י הראשונ/ה לתייג את הרשומה!
Thư viện lưu trữ: Thư viện Trường CĐ Kỹ Thuật Cao Thắng
LEADER 00611nam a2200193 a 4500
001 TVCDKTCT101
003 Thư viện trường Cao đẳng Kỹ thuật Cao Thắng
005 20050729000000
008 050729
980 \ \ |a Thư viện Trường CĐ Kỹ Thuật Cao Thắng 
024 |a RG_1 #1 eb0 i1 
041 0 # |a vie 
082 # # |a 629.2 /   |b NG527L-t 
100 1 # |a Nguyễn Kim Lân 
245 0 0 |a Tìm hiểu vận tải ôtô /  |c Nguyễn Kim Lân 
250 # # |a In lần thứ 1 
260 # # |a H. :  |b Khoa học và kỹ thuật ,  |c 1978 
300 # # |a 112tr. ;  |c 19cm 
650 # 4 |a Ô tô